000
00259nam a2200109Ia 4500
008
220204s9999 xx 000 0 und d
082
_a
03(540)
_b
JAG
245
0
_a
Encyclopedia Indica. 2 V
250
_a
Ed.2
260
_a
New Delhi
_b
S Chand
_c
1981
942
_c
BK
999
_c
37330
_d
37330